Central-Library-PUMHS

Online Public Access Catalogue

Welcome to PUMHS Central Library Nawabshah, SBA

Exceptional Children (Record no. 37772)

000 -LEADER
fixed length control field 00264nam a22001337a 4500
082 ## - DEWEY DECIMAL CLASSIFICATION NUMBER
Classification number 615.82 HED
100 ## - MAIN ENTRY--AUTHOR NAME
Personal name Howard, W.l.
245 ## - TITLE STATEMENT
Title Exceptional Children
250 ## - EDITION STATEMENT
Edition statement 10th Ed.
260 ## - PUBLICATION, DISTRIBUTION, ETC. (IMPRINT)
Year of publication 2014
300 ## - PHYSICAL DESCRIPTION
Number of Pages 663
650 ## - SUBJECT ADDED ENTRY--TOPICAL TERM
Topical Term Physiotherapy
942 ## - ADDED ENTRY ELEMENTS (KOHA)
Koha item type Books
Holdings
Withdrawn status Lost status Permanent Location Current Location Shelving location Date acquired Source of acquisition Cost, normal purchase price Full call number Accession Number Koha item type
    Central Library New Campus PUMHS Nawabshah,(SBA) Central Library New Campus PUMHS Nawabshah,(SBA) Physiotherapy 2026-02-27 M/S Allied Book Bill No 25060118 Date 8/8/2025 19417.10 615.82 HED 40954 Ref Books
    Central Library New Campus PUMHS Nawabshah,(SBA) Central Library New Campus PUMHS Nawabshah,(SBA) Physiotherapy 2026-02-27 M/S Allied Book Bill No 25060118 Date 8/8/2025 19417.10 615.82 HED 40955 Ref Books

Copyright © 2018,The PUMHSW, Nawabshah, Shaheed Benazirabad. All rights reserved
Mr. Abdul Sattar Mahar (Chief Librarian) PUMHSW, Nawabshah, Sindh, Pakistan 67480.
Ph#: | 0244-9370425 Ext. 2241 Email| librarian@pumhs.edu.pk Web| http://www.pumhs.edu.pk
سنڌي ڪي بورڊ